Five centuries of print making : from the collection of Lessing J. Rosenwald. from the collection of Lessing J. Rosenwald.
Descripción Física:
[54 pàg.] : il. ; 28 cm
Materias:
Fons Joan Junyer i Pascual (1909-1994)
; Gravat -- Col·leccions privades
; Aiguafort -- Col·leccions privades
Idioma:
English
MARC
| LEADER | 00000nam a22000007a 4500 | ||
|---|---|---|---|
| 001 | 24776 | ||
| 003 | AGDB | ||
| 005 | 20260324181537.0 | ||
| 008 | 251022b -us||||| |||| 00| 0 eng d | ||
| 100 | 1 | |a Rosenwald, Lessing J. |q (Lessing Julius), |d 1891-1979. |9 72634 | |
| 245 | 1 | 0 | |a Five centuries of print making : |b from the collection of Lessing J. Rosenwald. |
| 260 | |a [Philadelphia] : |b The Print club of Philadelphia , |c 1931 | ||
| 300 | |a [54 pàg.] : |b il. ; |c 28 cm | ||
| 500 | |a Prové del fons Joan Junyer i Pascual (1909-1994) | ||
| 650 | |a Fons Joan Junyer i Pascual (1909-1994) |9 72777 | ||
| 650 | 0 | |a Gravat |x Col·leccions privades |9 72635 | |
| 650 | 0 | |a Aiguafort |x Col·leccions privades |9 72636 | |
| 710 | 2 | |a Print club (Filadèlfia, Pennsilvània) |9 72637 | |
| 942 | |2 udc |c ARXIU |n 1 | ||
| 952 | |0 0 |1 0 |4 0 |6 F504124 |7 1 |9 98542 |a Arxiu |b Arxiu |d 2025-10-22 |l 0 |o F-504-124 |p 24776 |r 2025-10-22 12:08:31 |w 2025-10-22 |y ARXIU | ||
| 999 | |c 130293 |d 130293 | ||